000 00617nam a22002297a 4500
003 UA-OsUOA
001 45723
007 ta
008 20070510b un ||||| |||| 00| 0 ukr d
100 _aБалаева А.
700 _aПредводителева М.
090 _a330
_bБ-11
942 _cSA
040 _aUA-OsUOA
_bukr
_cUA-OsUOA
_dUA-OsUOA
245 _aСфера услуг в мировой экономике: тенденции развития
300 _aС.23-29
955 _a0
041 _aukr
080 _a330
773 0 _w45722
650 7 _a330 Економіка взагалі
_2UDC
999 _c331819
_d331819